Simulácia útoku časovým postranným kanálom na algoritmus overovania hesla

Saved in:
Bibliographic Details
Main Author: Podhorec, Samuel (Author)
Other Authors: Grošek, Otokar (Thesis advisor)
Format: Manuscript Book
Language:Slovak
Published: 2017
Subjects:
Online Access:http://is.stuba.sk/zp/portal_zp.pl?podrobnosti=107326
Tags: Add Tag
No Tags, Be the first to tag this record!

MARC

LEADER 00000ntm a22000003a 4500
001 stuzp60677
003 SK-STU
005 20170727100023.6
007 ta
008 150427s2015----xo-----f-mn---000-0-slo-d
040 |a STU  |b slo 
041 0 |a slo 
044 |a xo 
100 1 |a Podhorec, Samuel  |u 035000  |4 aut  |U FEI Fakulta elektrotechniky a informatiky  |T FEI Ústav informatiky a matematiky  |X 72984  |U E050  |Y 816  |7 72984 
242 0 1 |a Timing side channel attack simulation on the password verification algorithm  |y eng 
245 1 0 |a Simulácia útoku časovým postranným kanálom na algoritmus overovania hesla 
260 |c 2017 
300 |a 38 s.,  |b CD-ROM 
650 4 |a útok  |2 slo 
650 4 |a čas  |2 slo 
650 4 |a kanál  |2 slo 
650 4 |a simulácia  |2 slo 
650 4 |a heslo  |2 slo 
650 4 |a password  |2 eng 
650 4 |a time  |2 eng 
650 4 |a simulation  |2 eng 
650 4 |a attack  |2 eng 
650 4 |a channel  |2 eng 
700 1 |a Grošek, Otokar  |u 035000  |k Z1  |4 ths  |U FEI Fakulta elektrotechniky a informatiky  |T FEI Ústav informatiky a matematiky  |X 1973  |U E050  |Y 816  |7 A000001973 
856 4 |u http://is.stuba.sk/zp/portal_zp.pl?podrobnosti=107326 
996 |b 284ER02465  |c E*Bc- 2465  |l EE35  |s P  |a 0  |w stuzp60677_0001